Разработка метода цифрового моделирования плотной упаковки и определение линейного коэффициента неоднородности, используемых в дефектоскопии материалов с зернистой структурой; Первая межвузовская научно-техническая конференция по радиационным методам и средствам неразрушающего контроля качества материалов и изделий

Chi tiết về thư mục
Parent link:Первая межвузовская научно-техническая конференция по радиационным методам и средствам неразрушающего контроля качества материалов и изделий.— 1966.— С. 16
Tác giả chính: Винтизенко И. Г.
Tác giả khác: Воробьев В. А.
Ngôn ngữ:Tiếng Nga
Được phát hành: 1966
Những chủ đề:
Định dạng: Chương của sách
KOHA link:https://koha.lib.tpu.ru/cgi-bin/koha/opac-detail.pl?biblionumber=592107

MARC

LEADER 00000naa0a2200000 4500
001 592107
005 20250828113841.0
035 |a (RuTPU)RU\TPU\tpu\3426 
035 |a TPU00003426 
090 |a 592107 
100 |a 20011210d1966 k||y0rusy50 ca 
101 0 |a rus 
102 |a RU 
200 1 |a Разработка метода цифрового моделирования плотной упаковки и определение линейного коэффициента неоднородности, используемых в дефектоскопии материалов с зернистой структурой  |f И. Г. Винтизенко, В. А. Воробьев 
463 1 |t Первая межвузовская научно-техническая конференция по радиационным методам и средствам неразрушающего контроля качества материалов и изделий  |v С. 16  |o тезисы докладов (25-29 октября 1966 г.)  |d 1966 
610 1 |a материаловедение 
610 1 |a труды учёных ТПУ 
610 1 |a дефектоскопия 
610 1 |a контроль изделий 
700 1 |a Винтизенко  |b И. Г. 
701 1 |a Воробьев  |b В. А. 
801 0 |a RU  |b 63413507  |c 20011210  |g PSBO 
801 2 |a RU  |b 63413507  |c 20070219  |g PSBO 
942 |c BK